[Event "Chennai op 2nd"]
[Site "Chennai"]
[Date "2010.01.26"]
[Round "2"]
[White "Satyapragyan, Swayangsu"]
[Black "Sridhar, J."]
[Result "1-0"]
[WhiteElo "2480"]
[BlackElo "2180"]
[PlyCount "89"]
[EventDate "2010.01.25"]
[EventType "swiss"]
[EventRounds "11"]
[EventCountry "IND"]
[SourceTitle "CBM 134 Extra"]
[Source "ChessBase"]
[SourceDate "2010.03.03"]
[SourceVersion "1"]
[SourceVersionDate "2010.03.03"]
[SourceQuality "1"]

1. e4 d6 2. d4 Nf6 3. Nc3 g6 4. Nf3 Bg7 5. Be2 0-0 6. h3 c6 7. a4 Nbd7 8. 0-0 e5 9. Re1 Qc7 10. Bf1 Rd8 11. Bg5 Nf8 12. d5 h6 13. Be3 cxd5 14. exd5 Bf5 15. Nd2 Bd7 16. Nc4 Ne8 17. Qd2 Kh7 18. f4 exf4 19. Bxf4 g5 20. Be3 Ng6 21. Qf2 Qb8 22. Bd3 Kg8 23. Bxg6 fxg6 24. Bd4 Qc7 25. Re7 Bxd4 26. Qxd4 Qc5 27. Qxc5 dxc5 28. Rf1 Bf5 29. Ne3 Nd6 30. g4 Re8 31. Rxe8+ Rxe8 32. Rf3 Bc8 33. Nb5 Nxb5 34. axb5 Rf8 35. Kf2 Rxf3+ 36. Kxf3 Kf7 37. Nc4 Ke7 38. b6 a6 39. Ke4 h5 40. Ke5 hxg4 41. hxg4 Bxg4 42. Nd6 Bd7 43. Nxb7 g4 44. Nxc5 Bc8 45. d6+ 1-0

[Event "New Delhi Parsvnath op 7th"]
[Site "New Delhi"]
[Date "2009.01.18"]
[Round "9"]
[White "Saptarshi, Roy Chowdhury"]
[Black "Sridhar, J."]
[Result "1-0"]
[WhiteElo "2410"]
[BlackElo "2159"]
[PlyCount "74"]
[EventDate "2009.01.11"]
[EventType "swiss"]
[EventRounds "10"]
[EventCountry "IND"]
[SourceTitle "CBM 128 Extra"]
[Source "ChessBase"]
[SourceDate "2009.03.05"]
[SourceVersion "2"]
[SourceVersionDate "2009.03.25"]
[SourceQuality "1"]

1. e4 d6 2. d4 g6 3. Nc3 Bg7 4. Be3 Nd7 5. Qd2 a6 6. f4 b5 7. e5 Bb7 8. Bd3 c5 9. dxc5 Nxc5 10. Bxc5 dxc5 11. Be4 Qxd2+ 12. Kxd2 0-0-0+ 13. Ke2 f6 14. Nf3 Nh6 15. Bxb7+ Kxb7 16. Ne4 Kc6 17. c3 fxe5 18. fxe5 Rd5 19. a4 b4 20. cxb4 cxb4 21. Rhc1+ Kb6 22. a5+ Rxa5 23. Rxa5 Kxa5 24. Rc5+ Kb6 25. Nd4 Nf5 26. Ne6 h5 27. Kd3 a5 28. Kc4 Ne3+ 29. Kb3 Bh6 30. Nd4 Ra8 31. Rc6+ Ka7 32. Nc5 Rf8 33. Nb5+ Kb8 34. Nd7+ Kb7 35. Rc7+ Ka6 36. Rc6+ Kb7 37. Rb6+ Kc8 1-0

[Event "Tamil Nadu State-ch 54th"]
[Site "Chennai"]
[Date "2006.05.30"]
[Round "11"]
[White "Sridhar, J."]
[Black "Preethi, Rajkumar"]
[Result "1-0"]
[WhiteElo "2159"]
[BlackElo "2051"]
[PlyCount "103"]
[EventDate "2006.05.20"]
[EventType "swiss"]
[EventRounds "11"]
[EventCountry "IND"]
[SourceTitle "EXT 2010"]
[Source "ChessBase"]
[SourceDate "2010.11.25"]
[SourceVersion "1"]
[SourceVersionDate "2010.11.25"]
[SourceQuality "1"]

1. d4 Nf6 2. Nc3 e6 3. e4 Bb4 4. Bd3 d6 5. Bg5 Nbd7 6. Nf3 e5 7. 0-0 c6 8. Ne2 h6 9. Bh4 Qc7 10. c3 Ba5 11. Nd2 g5 12. Bg3 Nh5 13. Nc4 Nf4 14. dxe5 dxe5 15. Bc2 Ke7 16. Nxa5 Qxa5 17. f3 Rd8 18. Qe1 Qb6+ 19. Bf2 Qxb2 20. Nxf4 Qxc2 21. Nh5 b6 22. Be3 Nf8 23. Rf2 Qa4 24. Rd2 Be6 25. Rad1 c5 26. h4 Nh7 27. Ng7 Qc6 28. hxg5 hxg5 29. Qg3 Rxd2 30. Rxd2 Kf6 31. Nh5+ Kg6 32. Qxe5 f6 33. Nxf6 Nxf6 34. Rd6 Qxd6 35. Qxd6 Re8 36. Qc7 g4 37. Qxa7 gxf3 38. gxf3 Nd7 39. f4 Kf6 40. Kf2 Ke7 41. f5 Rf8 42. Bg5+ Ke8 43. Qa8+ Kf7 44. Qc6 Ne5 45. Qxe6+ Kg7 46. Qxe5+ Kh7 47. Qe7+ Kg8 48. Qe6+ Kg7 49. Qe5+ Kh7 50. Qe7+ Kg8 51. Bf6 Rf7 52. Qe8+ 1-0